| 000 | 00375nam a2200169Ia 4500 | ||
|---|---|---|---|
| 100 | _aChan/henry/ Lee/R | ||
| 650 | _aE-Commerce | ||
| 942 | _cBK | ||
| 366 | _f15 | ||
| 654 | _aE-commerce | ||
| 245 | _aE-commerce:Fundamentals and applications | ||
| 260 |
_bWiley India _aMumbai _c2001 |
||
| 082 |
_a658.84/CHA _bCHA |
||
| 300 | _a479 | ||
| 546 | _aENGLISH | ||
| 999 |
_c30261 _d30261 |
||